Focus sur: Radolphus Lestrange - Harry Potter - Statistiques

Statistiques générales
  • Ce quiz a été pris 43 fois
  • Le résultat moyen est 2 sur 5
Statistiques - réponses
Informations recherchées Réponses % Correct
Statut du sang Sang-Pur
97%
Première mention (site Internet) Pottermore
74%
Profession Ministre de la Magie
44%
Prédécesseur Ottaline Gambol
12%
Successeur Hortensia Milliphutt
9%
Aucun quiz correspondant
Distribution des résultats
% des personnes avec chaque résultat
Percentile par nombre de réponses
Votre historique - résultats
Vous n’avez pas pris ce quiz